The anthropology of food and body : (Record no. 60830)
[ view plain ]
| 000 -LEADER | |
|---|---|
| fixed length control field | 01097nam a2200313 a 4500 |
| 001 - CONTROL NUMBER | |
| control field | 60830 |
| 003 - CONTROL NUMBER IDENTIFIER | |
| rucl marc code | BD-RjUL |
| 005 - DATE AND TIME OF LATEST TRANSACTION | |
| control field | 20211209080904.0 |
| 008 - FIXED-LENGTH DATA ELEMENTS--GENERAL INFORMATION | |
| fixed length control field | 170103s1999 nyua b 001 0 eng |
| 020 ## - INTERNATIONAL STANDARD BOOK NUMBER | |
| International Standard Book Number | 0415921929 |
| Canceled/invalid ISBN | 0415921937 (pb : acid-free paper) |
| 035 ## - SYSTEM CONTROL NUMBER | |
| System control number | (BD-RjUL)60954 |
| 040 ## - CATALOGING SOURCE | |
| Original cataloging agency | DLC |
| Transcribing agency | DLC |
| Modifying agency | BD-RjUL |
| Language of cataloging | eng |
| 041 ## - LANGUAGE CODE | |
| Language code of text/sound track or separate title | eng |
| 082 00 - DEWEY DECIMAL CLASSIFICATION NUMBER | |
| Classification number | 394.1 |
| Edition number | 23 |
| Author mark and year | COA 1999 |
| 100 1# - MAIN ENTRY--PERSONAL NAME | |
| Personal name | Counihan, Carole M. |
| Dates associated with a name | 1948- |
| 9 (RLIN) | 181307 |
| 245 14 - TITLE STATEMENT | |
| Title | The anthropology of food and body : |
| Remainder of title | gender, meaning, and power / |
| Statement of responsibility, etc. | Carole M. Counihan. |
| 260 ## - PUBLICATION, DISTRIBUTION, ETC. (IMPRINT) | |
| Place of publication, distribution, etc. | New York : |
| Name of publisher, distributor, etc. | Routledge, |
| Date of publication, distribution, etc. | c1999. |
| 300 ## - PHYSICAL DESCRIPTION | |
| Pagination | viii, 256 p. : |
| Illustrations | ill. ; |
| Size | 24 cm. |
| 504 ## - BIBLIOGRAPHY, ETC. NOTE | |
| Bibliography, etc | Includes bibliographical references (p. 225-244) and index. |
| 650 #0 - SUBJECT ADDED ENTRY--TOPICAL TERM | |
| Topical term or geographic name as entry element | Food habits |
| General subdivision | Cross-cultural studies. |
| 9 (RLIN) | 181308 |
| Topical term or geographic name as entry element | Food habits |
| Geographic subdivision | Italy. |
| 9 (RLIN) | 181309 |
| Topical term or geographic name as entry element | Food habits |
| Geographic subdivision | United States. |
| 9 (RLIN) | 181310 |
| Topical term or geographic name as entry element | Sex role |
| General subdivision | Cross-cultural studies. |
| 9 (RLIN) | 181311 |
| Topical term or geographic name as entry element | Women |
| Geographic subdivision | United States |
| General subdivision | Social conditions. |
| 9 (RLIN) | 171113 |
| Topical term or geographic name as entry element | Women |
| Geographic subdivision | Italy |
| General subdivision | social conditions. |
| 9 (RLIN) | 181312 |
| 942 ## - ADDED ENTRY ELEMENTS (KOHA) | |
| Source of classification or shelving scheme | Dewey Decimal Classification |
| Koha item type | Books |
| Lost status | Source of classification or shelving scheme | Damaged status | Not for loan | Collection code | Permanent Location | Current Location | Shelving location | Date acquired | Source of acquisition | Cost, normal purchase price | Total Checkouts | Full call number | Date last seen | Copy number | Koha item type |
|---|---|---|---|---|---|---|---|---|---|---|---|---|---|---|---|
| Dewey Decimal Classification | Not For Loan | Non-fiction | Central Library, University of Rajshahi | Central Library, University of Rajshahi | Reading Room | 12/07/2009 | Dhaka, Paragon Enterpries Ltd. | 1786.84 | 394.1 COA 1999 | 03/01/2017 | C-1 | Books |